[Event "ESP-ch Amateurs U2000"]
[Site "Murcia"]
[Date "2022.08.30"]
[Round "1.7"]
[White "Sureda Gonzalez, Miquel"]
[Black "Reig Albero, Ferran"]
[Result "0-1"]
[WhiteElo "1797"]
[BlackElo "1970"]
[PlyCount "86"]
[EventDate "2022.08.30"]
[EventType "swiss"]
[EventRounds "7"]
[EventCountry "ESP"]
[SourceTitle "EXT 2024"]
[Source "ChessBase"]
[SourceDate "2023.10.10"]
[SourceVersion "1"]
[SourceVersionDate "2023.10.10"]
[SourceQuality "1"]

1. e4 c5 2. Nf3 d6 3. Bb5+ Bd7 4. Bxd7+ Qxd7 5. 0-0 Nc6 6. c3 Nf6 7. Re1 e6 8. d4 cxd4 9. cxd4 d5 10. e5 Ne4 11. Nbd2 Nxd2 12. Bxd2 Be7 13. Rc1 0-0 14. Rc3 Rac8 15. a3 a5 16. Rd3 b5 17. Ng5 g6 18. Qg4 h5 19. Qg3 Kg7 20. Nh3 Rh8 21. Bg5 Bxg5 22. Nxg5 Ne7 23. Qf4 Nf5 24. f3 h4 25. Qd2 Qa7 26. Nh3 Rc4 27. Qg5 Qe7 28. Qxe7 Nxe7 29. Nf4 Nf5 30. Red1 Rhc8 31. R1d2 Rc1+ 32. Kf2 Rh1 33. Ne2 h3 34. Ng3 Rxh2 35. Nxf5+ exf5 36. Kg1 Rxg2+ 37. Rxg2 hxg2 38. Rd2 g5 39. Kxg2 Rc4 40. Kg3 f4+ 41. Kg4 Kg6 42. Re2 Rc8 43. e6 Rh8 0-1

[Event "ESP-ch U14"]
[Site "Salobrena"]
[Date "2020.08.05"]
[Round "5"]
[White "Sureda Gonzalez, Miquel"]
[Black "Martinez Soriano, Javier"]
[Result "1/2-1/2"]
[WhiteElo "1804"]
[BlackElo "1981"]
[PlyCount "54"]
[EventDate "2020.08.03"]
[EventType "swiss"]
[EventRounds "9"]
[EventCountry "ESP"]
[SourceTitle "EXT 2021"]
[Source "ChessBase"]
[SourceDate "2020.10.23"]
[SourceVersion "1"]
[SourceVersionDate "2020.10.23"]
[SourceQuality "1"]

1. e4 e6 2. d4 d5 3. Nd2 a6 4. c3 c5 5. exd5 cxd4 6. Qa4+ Qd7 7. Qxd7+ Bxd7 8. dxe6 Bxe6 9. cxd4 Nc6 10. Ngf3 Nb4 11. Kd1 Nxa2 12. Bc4 Bxc4 13. Nxc4 Nxc1 14. Rxc1 f6 15. Re1+ Kf7 16. Nb6 Rd8 17. Rc7+ Kg6 18. h4 Nh6 19. Rxb7 Nf5 20. Nd7 Kh6 21. g4 Nd6 22. g5+ Kh5 23. Rc7 Nb5 24. Rb7 Nd6 25. Ra7 Nb5 26. Rb7 Nd6 27. Rc7 Nb5 1/2-1/2

[Event "Balears-ch U12"]
[Site "Eivissa"]
[Date "2018.05.06"]
[Round "5.3"]
[White "Reina Sorribas, Adrian"]
[Black "Sureda Gonzalez, Miquel"]
[Result "1/2-1/2"]
[WhiteElo "1260"]
[BlackElo "1536"]
[PlyCount "81"]
[EventDate "2018.05.04"]
[EventType "swiss"]
[EventRounds "5"]
[EventCountry "ESP"]
[SourceTitle "EXT 2024"]
[Source "ChessBase"]
[SourceDate "2023.10.10"]
[SourceVersion "1"]
[SourceVersionDate "2023.10.10"]
[SourceQuality "1"]

1. d4 c5 2. dxc5 Na6 3. Nf3 Nf6 4. Bf4 Nxc5 5. e3 d5 6. c4 Bf5 7. Nc3 e6 8. Be2 Be7 9. 0-0 dxc4 10. Qxd8+ Rxd8 11. Bxc4 0-0 12. Nh4 Bd3 13. Bxd3 Nxd3 14. Bg3 Nh5 15. Nf3 Nxg3 16. hxg3 Bf6 17. Ne1 Nxb2 18. Ne4 Nc4 19. Nxf6+ gxf6 20. Nc2 e5 21. f4 Rd2 22. Rf2 Rfd8 23. Rc1 Rxf2 24. Kxf2 Nb2 25. Ne1 Nd3+ 26. Nxd3 Rxd3 27. Rc7 Rd2+ 28. Kf3 Rxa2 29. Rxb7 a5 30. Rb5 exf4 31. gxf4 a4 32. Ra5 a3 33. e4 Ra1 34. Kg3 a2 35. e5 fxe5 36. fxe5 Re1 37. Rxa2 Rxe5 38. Kf4 Re6 39. Kg5 Kg7 40. Ra3 Rg6+ 41. Kf4 1/2-1/2

[Event "Balears-ch U12"]
[Site "Eivissa"]
[Date "2018.05.04"]
[Round "2.1"]
[White "Aguado Doncel, Pablo Luis"]
[Black "Sureda Gonzalez, Miquel"]
[Result "1-0"]
[WhiteElo "1975"]
[BlackElo "1536"]
[PlyCount "61"]
[EventDate "2018.05.04"]
[EventType "swiss"]
[EventRounds "5"]
[EventCountry "ESP"]
[SourceTitle "EXT 2024"]
[Source "ChessBase"]
[SourceDate "2023.10.10"]
[SourceVersion "1"]
[SourceVersionDate "2023.10.10"]
[SourceQuality "1"]

1. d4 Nf6 2. c4 c5 3. d5 b5 4. cxb5 a6 5. e3 axb5 6. Bxb5 Bb7 7. Nc3 g6 8. Nf3 Bg7 9. 0-0 Na6 10. e4 0-0 11. Be3 d6 12. h3 Nc7 13. Bc4 Ba6 14. Nd2 Nd7 15. Bxa6 Nxa6 16. Nc4 Ne5 17. Nxe5 Bxe5 18. Qd2 Nb4 19. Bh6 Re8 20. f4 Bh8 21. f5 c4 22. fxg6 hxg6 23. Qf2 Rf8 24. Bxf8 Qxf8 25. h4 f6 26. h5 Qh6 27. hxg6 Qxg6 28. Qf5 Qh6 29. Rf3 Nc2 30. Rh3 Qg7 31. Qf2 1-0

[Event "Mallorca-ch School U12"]
[Site "Mallorca"]
[Date "2018.03.16"]
[Round "7"]
[White "Tomas Viver, Antoni"]
[Black "Sureda Gonzalez, Miquel"]
[Result "0-1"]
[WhiteElo "1137"]
[BlackElo "1470"]
[PlyCount "48"]
[EventDate "2018.02.02"]
[EventType "swiss"]
[EventRounds "7"]
[EventCountry "ESP"]
[SourceTitle "EXT 2024"]
[Source "ChessBase"]
[SourceDate "2023.10.10"]
[SourceVersion "1"]
[SourceVersionDate "2023.10.10"]
[SourceQuality "1"]

1. d4 Nf6 2. c4 e6 3. Nf3 c5 4. e3 d5 5. b3 Nc6 6. Ba3 Qa5+ 7. Qd2 Qxd2+ 8. Nbxd2 Nb4 9. Rc1 Nxa2 10. Rc2 Nb4 11. Rb2 Be7 12. e4 dxe4 13. Ng5 cxd4 14. Ngxe4 Nxe4 15. Nxe4 d3 16. Bxb4 Bxb4+ 17. Nd2 Bd7 18. Bxd3 Bc6 19. 0-0 Rd8 20. Be4 Rxd2 21. Rxd2 Bxd2 22. Bxc6+ bxc6 23. Rd1 Bb4 24. Ra1 a5 0-1

[Event "Santa Margalida Mallorca-ch"]
[Site "Santa Margalida"]
[Date "2016.11.18"]
[Round "3"]
[White "Vicens Pons, Antoni"]
[Black "Sureda Gonzalez, Miquel"]
[Result "0-1"]
[WhiteElo "1272"]
[BlackElo "1043"]
[PlyCount "90"]
[EventDate "2016.11.11"]
[EventType "swiss"]
[EventRounds "8"]
[EventCountry "ESP"]
[SourceTitle "EXT 2018"]
[Source "ChessBase"]
[SourceDate "2017.10.13"]
[SourceVersion "1"]
[SourceVersionDate "2017.10.13"]
[SourceQuality "1"]

1. e4 c5 2. Nf3 Nc6 3. Bc4 d6 4. Ng5 e6 5. d3 Be7 6. Nf3 d5 7. exd5 exd5 8. Bb5 Qa5+ 9. Nc3 d4 10. Bxc6+ bxc6 11. Bd2 dxc3 12. Bxc3 Qc7 13. Bxg7 Bf6 14. Bxh8 Bxh8 15. 0-0 Bxb2 16. Rb1 Bc3 17. Rb3 Bg7 18. Re1+ Kf8 19. Ng5 Nf6 20. Rb1 Bg4 21. f3 Bf5 22. Qe2 Nd5 23. Qf1 Bd4+ 24. Kh1 Qf4 25. Ne4 Bxe4 26. Rxe4 Qd6 27. Rh4 Nf6 28. Qc1 Ke7 29. Qg5 Rg8 30. Rb7+ Kd8 31. Qf5 Qe6 32. Rb8+ Ke7 33. Qxe6+ fxe6 34. Rb3 Rg7 35. c3 Be3 36. Ra4 Kd6 37. Rb8 Ke5 38. Rc8 Kd5 39. Ra6 Rb7 40. g3 Rb1+ 41. Kg2 Rb2+ 42. Kh3 Bg1 43. c4+ Ke5 44. f4+ Kf5 45. g4+ Kxf4 0-1

[Event "Campos Migjorn op"]
[Site "Campos"]
[Date "2016.09.17"]
[Round "4"]
[White "Sureda Gonzalez, Miquel"]
[Black "Ermachenko, Manuel"]
[Result "0-1"]
[WhiteElo "1028"]
[BlackElo "1531"]
[PlyCount "64"]
[EventDate "2016.09.09"]
[EventType "swiss"]
[EventRounds "8"]
[EventCountry "ESP"]
[SourceTitle "EXT 2017"]
[Source "ChessBase"]
[SourceDate "2016.10.25"]
[SourceVersion "1"]
[SourceVersionDate "2016.10.25"]
[SourceQuality "1"]

1. d4 d5 2. Nc3 Nf6 3. Bf4 c5 4. Nf3 e6 5. g3 Nc6 6. Nb5 Qa5+ 7. Nc3 cxd4 8. Nxd4 Bb4 9. Nxc6 Bxc3+ 10. bxc3 Qxc3+ 11. Qd2 Qxa1+ 12. Qc1 Qc3+ 13. Qd2 Qxc6 14. Bg2 0-0 15. 0-0 b6 16. Qd3 Bb7 17. Rc1 Rac8 18. c4 Qd7 19. Rd1 Ba6 20. Rc1 Bxc4 21. Qd2 Qa4 22. Rc2 Bb5 23. Rb2 Ne4 24. Bxe4 dxe4 25. Bg5 f6 26. Be3 Rfd8 27. Qb4 Qd1+ 28. Kg2 Bxe2 29. Rb1 Bf3+ 30. Kh3 Qd7 31. Rb2 e5+ 32. Kh4 Qg4# 0-1